000 00450nam a2200181 4500
003 SEACOMEC
005 20231030074406.0
008 231030b |||||||| |||| 00| 0 eng d
020 _cRs.175.00
040 _aSEACOMEC
082 1 _a547
_bM953
100 _aMukherji,S.M.
245 1 _aOrganic chemistry
_cS.M.Mukherji
260 1 _aNew Delhi
_bNew Age
_c2005
650 _aNatural sciences, Organic chemistry
700 1 _aSingh,S.P.
942 _cBOOK
999 _c258
_d258